傾城一諾 . 大顯身手 . 4

資料類型: Book 圖書   書目號:51754

Leader xxxxxxxxxx
001 __ 102498/9/01
005 __ 20171120175623.552
010 0_ |a4717702095673|b第4冊:平裝|d新臺幣280元
042 __ |anbic
100 __ |a20171120d2017    m  y0chiy50      e
101 0_ |achi
102 __ |atw
105 __ |aa   z   000yy
200 1_ |a傾城一諾|e|h4|i大顯身手|f鳳今著
205 __ |a
210 __ |a臺北市|c晴空出版|c家庭傳媒城邦分公司發行|d2017[民106]
215 0_ |a416面|c|d21公分
225 12 |a悅讀NOVEL|v
300 __ |a
517 1_ |a大顯身手|zchi
681 __ |a857.7|b856 v.4
700 _1 |a鳳今|b|4702 __ |a|b|4
801 _0 |atw|bLibDipper|c20171120|gCCR
  
詳細館藏(共 1 筆)
索 書 號登 錄 號冊次號館別 / 館藏地流通類型狀態加入預約清單電子資源
857.7 / 856 1024989 v.4 圖書館 / 一樓普通區 可外借30天 在館   

| 條列資料




目錄查詢 分類查詢 個人資料 圖書薦購 新書查詢 閉館日 排行榜 更多電子資源 Hami書城 線上資料庫 登出

From : 216.73.217.87

  本日流通累計至 14:14:54 借閱 : 13 次 續借 : 0 次 歸還 : 10 次 預約 : 0 次 電子資源 : 0 次


內湖高中圖書館  PCLIS 版本  26.5.0.12